000 00565nam a22001817a 4500
005 20151001110203.0
010 _aENG-113716
020 _a9788170546160
_c600.00
035 _aEN- 97248
037 _bDBAD/PUB
082 _a306.4812
100 _aGulshetty, B. S.
245 _aWorld socilogy of leasure and tourism studies /
_cby B. S. Gulshetty
260 _aNew Delhi
_bClassical Publishing
_c2014
270 _a28, Shopping Centre, Karampura
_bNew Delhi
_e110015
300 _ax,222p. :
_c22cm(Hb)
_bill.
942 _2ddc
_cEN
_mGUL
_h306.4812
999 _c95302
_d95302